| 000 | 01213cam a2200349 a 4500 | ||
|---|---|---|---|
| 001 | 1584053 | ||
| 003 | OSt | ||
| 005 | 20140310181928.0 | ||
| 008 | 930305s1991 nyu 000 0 eng d | ||
| 010 | _a 93122874 | ||
| 035 | _a(OCoLC)26603723 | ||
| 040 |
_aInEW _cInEW _dDLC |
||
| 042 | _alccopycat | ||
| 043 | _an-us--- | ||
| 050 | 0 | 0 |
_aHV 4505 _b.C338 1991 |
| 082 |
_aTR 305.569 _bC26 1991 |
||
| 100 | 1 |
_aCasey, Kevin, _d1966- _92461 |
|
| 245 | 1 | 0 |
_aChildren of Eve / _cKevin Casey |
| 260 |
_aNew York : _bCovenant House, _cc1991. |
||
| 300 |
_av., 116 p. _c18 cm. |
||
| 490 | 0 | _aCovenant House program of public awareness. | |
| 500 | _aBook 2 in the Covenant House program of public awareness. | ||
| 500 | _aWith an introduction by Sister Mary Rose McGeady. | ||
| 541 | _j1 | ||
| 562 | _e1 | ||
| 650 | 0 |
_aHomeless children _zUnited States _xCase studies. _92462 |
|
| 650 | 0 |
_aAbandoned children _zUnited States _xCase studies. _92463 |
|
| 700 | 1 |
_aMcGeady, Mary Rose _92464 |
|
| 906 |
_a7 _bcbc _ccopycat _d3 _encip _f19 _gy-gencatlg |
||
| 942 |
_2lcc _cBK-TR _kTR |
||
| 999 |
_c7237 _d7237 |
||